000 00509nam a2200241Ia 4500
001 072844
003 YMCAF
005 20230512160817.0
008 100717s9999 ||||||||||||||||| ||und|d
020 _a-
024 _a72844
035 _a12307
040 _aYMCAF
_beng
_cIN-KoLT
041 _aeng
082 _a005.133FOR
_bRAJ
100 _aRAJARAMMAN
245 0 _aCOMPUTER PROGRAMMING IN FORTAN 77
250 _a-
260 _bSatya parkashan
653 _a-
653 _a-
942 _2ddc
_cBK
999 _c6561
_d6561